Statistics for Периодни систем елемената - квиз

Click here to take the quiz!

General Stats

  • This quiz has been taken 246 times
  • The average score is 35 of 118

Answer Stats

#SymbolElement% Correct
1HВодоник
96%
8OКисеоник
95%
2HeХелијум
88%
79AuЗлато
86%
47AgСребро
86%
11NaНатријум
84%
20CaКалцијум
82%
7NАзот
80%
19KКалијум
79%
16SСумпор
78%
12MgМагнезијум
75%
3LiЛитијум
74%
6CУгљеник
73%
17ClХлор
73%
5BБор
73%
29CuБакар
73%
15PФосфор
71%
26FeГвожђе
70%
13AlАлуминијум
68%
10NeНеон
65%
9FФлуор
65%
53IЈод
65%
30ZnЦинк
64%
80HgЖива
61%
35BrБром
58%
4BeБерилијум
54%
14SiСилицијум
52%
18ArАргон
50%
82PbОлово
46%
92UУранијум
43%
50SnКалај
42%
54XeКсенон
42%
28NiНикл
42%
88RaРадијум
42%
25MnМанган
41%
34SeСелен
41%
32GeГерманијум
41%
31GaГалијум
39%
56BaБаријум
39%
27CoКобалт
39%
99EsАјнштајнијум
38%
24CrХром
37%
78PtПлатина
35%
22TiТитанијум
35%
38SrСтронцијум
34%
87FrФранцијум
33%
36KrКриптон
32%
33AsАрсен
30%
86RnРадон
29%
51SbАнтимон
25%
55CsЦезијум
25%
23VВанадијум
23%
37RbРубидијум
22%
57LaЛантан
22%
84PoПолонијум
20%
74WВолфрам
19%
94PuПлутонијум
19%
85AtАстат
19%
95AmАмерицијум
17%
81TlТалијум
17%
96CmКиријум
17%
52TeТелур
16%
77IrИридијум
16%
21ScСкандијум
15%
49InИндијум
15%
48CdКадмијум
15%
46PdПаладијум
15%
83BiБизмут
13%
89AcАктинијум
13%
98CfКалифорнијум
13%
73TaТантал
13%
42MoМолибден
13%
76OsОсмијум
12%
39YИтријум
11%
107BhБоријум
11%
45RhРодијум
11%
102NoНобелијум
9%
40ZrЦирконијум
9%
90ThТоријум
9%
93NpНептунијум
8%
101MdМендељејевијум
8%
118OgОганесон
8%
71LuЛутецијум
7%
44RuРутенијум
6%
115McМосковијум
6%
43TcТехнецијум
6%
72HfХафнијум
6%
58CeЦеријум
6%
63EuЕвропијум
5%
110DsДармштатијум
5%
75ReРенијум
5%
68ErЕрбијум
5%
65TbТербијум
4%
111RgРендгенијум
4%
69TmТулијум
4%
108HsХасијум
4%
41NbНиобијум
4%
106SgСиборгијум
4%
64GdГадолинијум
4%
105DbДубнијум
4%
67HoХолмијум
4%
100FmФермијум
3%
117TsТенесин
3%
116LvЛиверморијум
3%
70YbИтербијум
3%
112CnКоперницијум
3%
60NdНеодијум
3%
61PmПрометијум
3%
59PrПразеодијум
3%
104RfРадерфордијум
3%
109MtМајтнеријум
2%
97BkБеркилијум
2%
91PaПротактинијум
2%
103LrЛоренцијум
2%
62SmСамаријум
2%
113NhНихонијум
1%
114FlФлеровијум
1%
66DyДеспрозјум
0%

Score Distribution

Percentile by Number Answered

Percent of People with Each Score

Your Score History

You have not taken this quiz